[Event "Remembering Ruy Lopez"]
[Site "SchemingMind.com"]
[Date "2008.02.10"]
[Round "-"]
[White "cnbcad"]
[Black "pardesi"]
[Result "1-0"]
[WhiteCountry "USA"]
[BlackCountry "USA"]
[WhiteElo "1635"]
[WhiteRD "50"]
[BlackElo "1406"]
[BlackRD "59"]
[GameID "141170"]

1. e4 e5 2. Nf3 Nc6 3. Bb5 a6 4. Ba4 Nf6 5. O-O b5 6. Bb3 Bc5 7. Ng5 O-O 8. d3 h6 9. Nf3 d6 10. c3 Bg4
11. h3 Bxf3 12. Qxf3 Na5 13. Bd5 Nxd5 14. exd5 f5 15. Be3 Qe7 16. Bxh6 gxh6 17. b4 e4 18. Qg3+ Qg5 19. bxc5 Qxg3 20. fxg3 exd3
21. Nd2 dxc5 22. Rad1 Rad8 23. Rde1 Rxd5 24. Re6 Rd6 25. Re7 Rf7 26. Rxf7
1-0

[Event "Remembering Ruy Lopez"]
[Site "SchemingMind.com"]
[Date "2008.02.10"]
[Round "-"]
[White "pardesi"]
[Black "cnbcad"]
[Result "0-1"]
[WhiteCountry "USA"]
[BlackCountry "USA"]
[WhiteElo "1514"]
[WhiteRD "62"]
[BlackElo "1503"]
[BlackRD "59"]
[GameID "141171"]

1. e4 e5 2. Nf3 Nc6 3. Bb5 a6 4. Ba4 Nf6 5. O-O b5 6. Bb3 Nxe4 7. Re1 d5 8. h3 Bc5 9. Rf1 a5 10. Nxe5 Nxe5
11. d4 Bxd4 12. Qxd4 Nf3+ 13. gxf3 Ng5 14. Qxg7 Nxh3+ 15. Kh1 Rf8 16. Re1+ Be6 17. Nc3 Qh4 18. Rf1 Ng5+ 19. Kg1 Nxf3+
0-1

[Event "Remembering Ruy Lopez"]
[Site "SchemingMind.com"]
[Date "2008.02.12"]
[Round "-"]
[White "Bacon"]
[Black "cnbcad"]
[Result "0-1"]
[WhiteCountry "BER"]
[BlackCountry "USA"]
[WhiteElo "1285"]
[WhiteRD "82"]
[BlackElo "1556"]
[BlackRD "54"]
[GameID "141282"]

1. e4 e5 2. Nf3 Nc6 3. Bb5 a6 4. Ba4 Nf6 5. Nc3 b5 6. Bxb5 axb5 7. Qe2 Bb4 8. Nxb5 Ba6 9. c3 Bxb5 10. Qxb5 Rb8
11. Qa4 Be7 12. d4 O-O 13. O-O exd4 14. cxd4 Nxe4 15. d5 Nc5 16. Qc4 Nb4 17. a3 Nbd3 18. Be3 Nxb2 19. Qc3 Nca4 20. Qe5 Bf6
21. Qe4 Re8 22. Qb1 Nd3 23. Qxd3 Bxa1 24. Rxa1 Qf6 25. Bd4 Nc5 26. Bxc5 Qxa1+ 27. Qf1 Rb1 28. h3 Rxf1+ 29. Kh2 Rh1+ 30. Kg3 f5
31. Kf4 Qc1+ 32. Be3 Qc2 33. a4 Qe4+ 34. Kg5 f4 35. Bxf4 Qxd5+ 36. Kg4 h5+ 37. Kh4 Re4 38. g3 Qf5 39. Ne5 Rxh3#
0-1

[Event "Remembering Ruy Lopez"]
[Site "SchemingMind.com"]
[Date "2008.02.10"]
[Round "-"]
[White "Bacon"]
[Black "pardesi"]
[Result "0-1"]
[WhiteCountry "BER"]
[BlackCountry "USA"]
[WhiteElo "1285"]
[WhiteRD "82"]
[BlackElo "1573"]
[BlackRD "63"]
[GameID "141283"]

1. e4 e5 2. Nf3 Nc6 3. Bb5 a6 4. Ba4 Nf6 5. Bxc6 dxc6 6. Nxe5 Qd4 7. f4 Qxe4+ 8. Qe2 Qxe2+ 9. Kxe2 Bf5 10. Na3 Bc5
11. Rd1 O-O 12. c4 Ng4 13. d4 Bb6 14. c5 Ba7 15. Nxg4 Bxg4+ 16. Kd2 Bxd1 17. Kxd1 Rfe8 18. Bd2 Rad8 19. Nc2 b6 20. cxb6 Bxb6
21. a4 Bxd4 22. Nxd4 Rxd4 23. g3 Red8 24. Kc2 Rxd2+ 25. Kb1 Rd1+ 26. Ka2 Rxa1+ 27. Kxa1 f5 28. Ka2 Kf7 29. b4 c5 30. bxc5 Rd2+
31. Ka3 Rxh2 32. Kb4 Ra2 33. Ka5 Kf6 34. Kxa6 Rxa4+ 35. Kb7 Rc4 36. Kc6 g5 37. Kxc7 Rxc5+ 38. Kd6 gxf4 39. gxf4 Rc4 40. Kd5 Rxf4
41. Kd6 h5 42. Kd7 h4 43. Ke8 h3 44. Kf8 h2 45. Kg8 h1=Q 46. Kf8 Qb7 47. Ke8 Qe7#
0-1

[Event "Remembering Ruy Lopez"]
[Site "SchemingMind.com"]
[Date "2008.02.12"]
[Round "-"]
[White "cnbcad"]
[Black "Bacon"]
[Result "1-0"]
[WhiteCountry "USA"]
[BlackCountry "BER"]
[WhiteElo "1635"]
[WhiteRD "50"]
[BlackElo "1284"]
[BlackRD "76"]
[GameID "141284"]

1. e4 e5 2. Nf3 Nc6 3. Bb5 a6 4. Ba4 b5 5. Bb3 Nd4 6. Nxe5 Nxb3 7. cxb3 Qe7 8. Qh5 g6 9. Nxg6 fxg6 10. Qd5 c6
11. Qd4 Bg7 12. Qe3 c5 13. d3 b4 14. O-O Nf6 15. Nd2 Bb7 16. Nc4 d5 17. Na5 dxe4 18. Qg3 Rd8 19. Bf4 Nh5 20. Qe3 exd3
21. Qxe7+ Kxe7 22. Bg5+ Bf6 23. Bxf6+ Nxf6 24. Nxb7 Rd7 25. Nxc5 Rd5 26. Nxa6 d2 27. Nxb4 Rd4 28. Nc6+ Kf7 29. Nxd4 Rd8 30. Nc6 Rd6
31. Na5 Ne4 32. Nc4 Rd5 33. f3 Nd6 34. Nxd6+ Rxd6 35. Rad1 g5 36. Rf2 Re6 37. Rdxd2 Kf6 38. a4 Kf5 39. Rd5+ Kf6 40. f4 g4
41. f5 Re1+ 42. Rf1 Re3 43. Rd6+ Ke5 44. Rd8 Kf6 45. a5 Rxb3 46. a6 g3 47. hxg3 Rxb2 48. Ra1 Kxf5 49. a7 Kg4 50. a8=Q Kxg3
51. Rg8+ Kh4 52. Qd8+ Kh5 53. Ra3 Rb1+ 54. Kh2 Rb5 55. Rh3#
1-0

[Event "Remembering Ruy Lopez"]
[Site "SchemingMind.com"]
[Date "2008.02.13"]
[Round "-"]
[White "jhobeck"]
[Black "cnbcad"]
[Result "0-1"]
[WhiteCountry "USA"]
[BlackCountry "USA"]
[WhiteElo "1281"]
[WhiteRD "69"]
[BlackElo "1635"]
[BlackRD "50"]
[GameID "141520"]

1. e4 e5 2. Nf3 Nc6 3. Bb5 a6 4. Ba4 Nf6 5. O-O b5 6. Bb3 Bb7 7. c3 h6 8. d4 Nxe4 9. Nxe5 Nxe5 10. Bf4 Ng6
11. Qf3 Nd2 12. Nxd2 Bxf3 13. Nxf3 Nxf4 14. Ne5 d5 15. Rae1 Ne6 16. Nc6 Qd6 17. Ne5 Be7 18. Nf3 Ng5 19. Ne5 O-O-O 20. Re3 f6
21. Nf7 Nxf7
0-1

[Event "Remembering Ruy Lopez"]
[Site "SchemingMind.com"]
[Date "2008.02.13"]
[Round "-"]
[White "jhobeck"]
[Black "pardesi"]
[Result "1-0"]
[WhiteCountry "USA"]
[BlackCountry "USA"]
[WhiteElo "1281"]
[WhiteRD "69"]
[BlackElo "1406"]
[BlackRD "59"]
[GameID "141521"]

1. e4 e5 2. Nf3 Nc6 3. Bb5 a6 4. Ba4 Nf6 5. O-O b5 6. Bb3 Bc5 7. a4 Rb8 8. c3 d6 9. d4 Bb6 10. Ng5 O-O
11. Bxf7+ Rxf7 12. Nxf7 Kxf7 13. Nd2 Bd7 14. Nf3 Bg4 15. Qb3+
1-0

[Event "Remembering Ruy Lopez"]
[Site "SchemingMind.com"]
[Date "2008.02.13"]
[Round "-"]
[White "jhobeck"]
[Black "Bacon"]
[Result "0-1"]
[WhiteCountry "USA"]
[BlackCountry "BER"]
[WhiteElo "1281"]
[WhiteRD "69"]
[BlackElo "1284"]
[BlackRD "76"]
[GameID "141522"]

1. e4 e5 2. Nf3 Nc6 3. Bb5 a6 4. Ba4 b5 5. O-O bxa4 6. Nc3 Bb7 7. Nxa4 Nd4 8. Nxe5 Bxe4 9. Qg4 Bf5 10. Qxd4 d6
11. Nc6 Qf6 12. Qe3+ Ne7 13. b3 g6 14. Nc3 h5 15. Nd4 c5 16. Nd5 Qxd4 17. Nf6+ Qxf6 18. Rb1 Bxc2 19. Rb2 Bf5 20. b4 c4
21. Qa3 Bd3 22. Qa4+ Kd8 23. Qa5+ Kc8 24. b5 Qe5 25. Rb4 Bxf1 26. Kxf1 Qxh2 27. bxa6 Nc6 28. Qb6 Nxb4 29. Qb7+ Kd8 30. Qxa8+ Ke7
31. Qb7+ Kf6 32. Bb2+ Kg5 33. a7 Nxa2
0-1

[Event "Remembering Ruy Lopez"]
[Site "SchemingMind.com"]
[Date "2008.02.12"]
[Round "-"]
[White "cnbcad"]
[Black "jhobeck"]
[Result "1-0"]
[WhiteCountry "USA"]
[BlackCountry "USA"]
[WhiteElo "1556"]
[WhiteRD "54"]
[BlackElo "1278"]
[BlackRD "72"]
[GameID "141523"]

1. e4 e5 2. Nf3 Nc6 3. Bb5 a6 4. Ba4 Nf6 5. O-O Be7 6. Re1 b5 7. Bb3 Nxe4 8. Rxe4 O-O 9. Nxe5 Nxe5 10. Rxe5 Bb7
11. d4 d6 12. Re1 c5 13. d5 Qb6 14. c4 Rae8 15. Be3 bxc4 16. Bxc4 Qb4 17. b3 Bf6 18. Bd2 Qb6 19. Bc3 Bh4 20. Qg4 Qd8
21. Qxg7#
1-0

[Event "Remembering Ruy Lopez"]
[Site "SchemingMind.com"]
[Date "2008.02.12"]
[Round "-"]
[White "pardesi"]
[Black "jhobeck"]
[Result "0-1"]
[WhiteCountry "USA"]
[BlackCountry "USA"]
[WhiteElo "1406"]
[WhiteRD "59"]
[BlackElo "1281"]
[BlackRD "69"]
[GameID "141524"]

1. e4 e5 2. Nf3 Nc6 3. Bb5 a6 4. Ba4 Nf6 5. O-O Be7 6. Re1 b5 7. Bb3 O-O 8. c3 d5 9. d4 Bg4 10. h3 Bh5
11. Bg5 dxe4 12. g4 Bg6 13. Nh4 exd4 14. cxd4 Qd6
0-1

[Event "Remembering Ruy Lopez"]
[Site "SchemingMind.com"]
[Date "2008.02.12"]
[Round "-"]
[White "Bacon"]
[Black "jhobeck"]
[Result "1-0"]
[WhiteCountry "BER"]
[BlackCountry "USA"]
[WhiteElo "1285"]
[WhiteRD "82"]
[BlackElo "1278"]
[BlackRD "72"]
[GameID "141525"]

1. e4 e5 2. Nf3 Nc6 3. Bb5 a6 4. Ba4 Bc5 5. Bxc6 dxc6 6. Nxe5 Qf6 7. Nd3 Ne7 8. Nxc5 O-O 9. O-O b6 10. Nd3 Qh4
11. e5 Bg4 12. f3 Bf5 13. Qe1 Qd4+ 14. Rf2 Ng6 15. Qe2 Nxe5 16. Nxe5 Rae8 17. Nxc6 Qd6 18. Qc4 Re1+ 19. Rf1 Re6 20. Nd4 Rh6
21. Nxf5 Qg6 22. Nxh6+ Qxh6 23. Qxc7
1-0

[Event "Remembering Ruy Lopez"]
[Site "SchemingMind.com"]
[Date "2008.02.22"]
[Round "-"]
[White "iain"]
[Black "cnbcad"]
[Result "0-1"]
[WhiteCountry "USA"]
[BlackCountry "USA"]
[WhiteElo "1446"]
[WhiteRD "67"]
[BlackElo "1556"]
[BlackRD "54"]
[GameID "142782"]

1. e4 e5 2. Nf3 Nc6 3. Bb5 a6 4. Ba4 Nf6 5. O-O b5 6. Bb3 Bb7 7. Ng5 d5 8. Re1 h6 9. Nh3 Nxe4 10. d3 Ng5
11. Nxg5 hxg5 12. c4 dxc4 13. dxc4 bxc4 14. Bxc4 Nd4 15. Rxe5+ Be7 16. Bxg5 f6 17. Bxf6 gxf6 18. Re1 Qd6 19. Nc3 Qxh2+ 20. Kf1 Bxg2#
0-1

[Event "Remembering Ruy Lopez"]
[Site "SchemingMind.com"]
[Date "2008.02.22"]
[Round "-"]
[White "iain"]
[Black "pardesi"]
[Result "1-0"]
[WhiteCountry "USA"]
[BlackCountry "USA"]
[WhiteElo "1456"]
[WhiteRD "65"]
[BlackElo "1406"]
[BlackRD "59"]
[GameID "142783"]

1. e4 e5 2. Nf3 Nc6 3. Bb5 a6 4. Ba4 Nf6 5. O-O b5 6. Bb3 Bc5 7. Nxe5 Nxe5 8. d4 Nc4 9. dxc5 Ne5 10. f4 Ng6
11. e5 Ne4 12. Bd5 Rb8 13. Bxe4 O-O 14. b4 Bb7 15. Bd3 f6 16. c4 d5 17. cxd5 fxe5 18. c6 Bc8 19. Be4 exf4 20. Bxg6 hxg6
21. Bxf4 g5 22. Bg3
1-0

[Event "Remembering Ruy Lopez"]
[Site "SchemingMind.com"]
[Date "2008.02.22"]
[Round "-"]
[White "iain"]
[Black "jhobeck"]
[Result "1-0"]
[WhiteCountry "USA"]
[BlackCountry "USA"]
[WhiteElo "1456"]
[WhiteRD "65"]
[BlackElo "1281"]
[BlackRD "69"]
[GameID "142784"]

1. e4 e5 2. Nf3 Nc6 3. Bb5 a6 4. Ba4 Nf6 5. O-O Be7 6. Re1 b5 7. Bb3 O-O 8. d4 d6 9. c3 Bg4 10. h3 Be6
11. d5 Bd7 12. dxc6 Bxc6 13. Nbd2 Nh5 14. g4 Nf4 15. a3 Nxh3+ 16. Kg2 Nf4+ 17. Kg3 Ng6 18. c4 Qd7 19. cxb5 Nf4 20. Nf1 Bb7
21. Bxf4 Bc8 22. Bd2 Qxg4+ 23. Kh2 Qh3+ 24. Kg1 Qg4+ 25. Ng3 Bh4 26. Nxh4 Qxh4 27. Rc1
1-0

[Event "Remembering Ruy Lopez"]
[Site "SchemingMind.com"]
[Date "2008.02.22"]
[Round "-"]
[White "iain"]
[Black "Bacon"]
[Result "1-0"]
[WhiteCountry "USA"]
[BlackCountry "BER"]
[WhiteElo "1446"]
[WhiteRD "67"]
[BlackElo "1285"]
[BlackRD "82"]
[GameID "142785"]

1. e4 e5 2. Nf3 Nc6 3. Bb5 a6 4. Ba4 d5 5. d3 d4 6. O-O b5 7. Bb3 a5 8. c3 Nf6 9. Bg5 b4 10. cxb4 Nxb4
11. a3 Nc6 12. Ba4 Bd7 13. Bxc6 Bxc6 14. Nxe5 Qd6 15. Nxc6 Qxc6 16. Nd2 Be7 17. Nc4 O-O 18. Rc1 Qe6 19. f4 h6 20. Bh4 Qg4
21. Qxg4 Nxg4 22. Bxe7 Rfe8 23. Bc5 Rad8 24. h3 a4 25. hxg4 Re6 26. e5 Rd5 27. Bb4 c5 28. Bd2 Rg6 29. Nb6 Rxb6 30. Rb1 Rg6
31. g5 h5 32. g3 Kf8 33. b3 Rb6 34. Rfc1 Kg8 35. b4 Rb5 36. Kh2 Kf8 37. Kh3 g6 38. g4 Ke7 39. gxh5 gxh5 40. Kh4 Ke6
41. Kxh5 Ke7 42. g6 fxg6+ 43. Kxg6 Rb6+ 44. Kg5 Kf7 45. Re1 cxb4 46. Bxb4 Rg6+ 47. Kh4 Rh6+ 48. Kg5 Rg6+ 49. Kh5 Re6 50. Bd6 Kg7
51. Rg1+ Kf7 52. Rb7+ Re7 53. Rxe7+ Kf8 54. Rgg7 Rxd6 55. Rgf7+ Kg8 56. exd6 Kh8 57. Re8#
1-0

[Event "Remembering Ruy Lopez"]
[Site "SchemingMind.com"]
[Date "2008.02.20"]
[Round "-"]
[White "cnbcad"]
[Black "iain"]
[Result "1-0"]
[WhiteCountry "USA"]
[BlackCountry "USA"]
[WhiteElo "1556"]
[WhiteRD "54"]
[BlackElo "1446"]
[BlackRD "67"]
[GameID "142786"]

1. e4 e5 2. Nf3 Nc6 3. Bb5 a6 4. Ba4 Nf6 5. d3 Bb4+ 6. c3 Ba5 7. O-O O-O 8. b4 Bb6 9. Ba3 Ba7 10. b5 axb5
11. Bxb5 Na5 12. Ba4 d5 13. Bxf8 Qxf8 14. Nxe5 dxe4 15. d4 c6 16. Qd2 b5 17. c4 Nxc4 18. Nxc4 bxa4 19. Nc3 Ba6 20. Qe2 Bxd4
21. Rac1 Rb8 22. Nxe4 Nxe4 23. Qxe4 c5 24. Rfe1 Bb7 25. Qe2 Ba6 26. Qc2 Rb4 27. Ne5 f6 28. Nc6 Rc4 29. Qf5 Rxc1 30. Rxc1 Bb5
31. Nxd4 Ba6 32. h3 cxd4 33. Qd5+ Kh8 34. Qc6 Be2 35. Qc8 Kg8 36. Qe6+
1-0

[Event "Remembering Ruy Lopez"]
[Site "SchemingMind.com"]
[Date "2008.02.21"]
[Round "-"]
[White "pardesi"]
[Black "iain"]
[Result "0-1"]
[WhiteCountry "USA"]
[BlackCountry "USA"]
[WhiteElo "1406"]
[WhiteRD "59"]
[BlackElo "1456"]
[BlackRD "65"]
[GameID "142787"]

1. e4 e5 2. Nf3 Nc6 3. Bb5 a6 4. Ba4 Nf6 5. O-O Be7 6. Re1 O-O 7. d4 d6 8. d5 Na7 9. Nc3 b5 10. Bb3 c6
11. Bg5 cxd5 12. Nxd5 Nxd5 13. Bxd5 Rb8 14. Qd2 Bxg5 15. Nxg5 a5 16. f4 h6 17. Nf3 Bb7 18. c4 bxc4 19. Bxc4 exf4 20. Qxf4 Nc6
21. Rad1 Ne7
0-1

[Event "Remembering Ruy Lopez"]
[Site "SchemingMind.com"]
[Date "2008.02.24"]
[Round "-"]
[White "jhobeck"]
[Black "iain"]
[Result "1-0"]
[WhiteCountry "USA"]
[BlackCountry "USA"]
[WhiteElo "1281"]
[WhiteRD "69"]
[BlackElo "1456"]
[BlackRD "65"]
[GameID "142788"]

1. e4 e5 2. Nf3 Nc6 3. Bb5 a6 4. Ba4 Nf6 5. O-O Be7 6. Re1 O-O 7. Bxc6 bxc6 8. Nxe5 Bb7 9. d3 d6 10. Nf3 Ng4
11. b3 Ne5 12. Ng5 Bxg5 13. Nd2 d5 14. f4 Bxf4 15. Qh5 g6 16. Qh3 dxe4 17. Rxe4 Qf6 18. Ba3 Rfe8 19. Rae1 Bc8 20. Qf3 Nxf3+
21. gxf3 Bxd2 22. Rxe8+ Kg7 23. Bf8+ Kg8 24. Be7+
1-0

[Event "Remembering Ruy Lopez"]
[Site "SchemingMind.com"]
[Date "2008.02.21"]
[Round "-"]
[White "Bacon"]
[Black "iain"]
[Result "0-1"]
[WhiteCountry "BER"]
[BlackCountry "USA"]
[WhiteElo "1285"]
[WhiteRD "82"]
[BlackElo "1446"]
[BlackRD "67"]
[GameID "142789"]

1. e4 e5 2. Nf3 Nc6 3. Bb5 a6 4. Ba4 Nf6 5. d3 Bb4+ 6. c3 Ba5 7. b4 Bb6 8. Na3 O-O 9. Bxc6 dxc6 10. Nxe5 c5
11. bxc5 Bxc5 12. Nac4 Be6 13. d4 Ba7 14. Qd3 c5 15. Ba3 Re8 16. O-O cxd4 17. cxd4 Nxe4 18. Qxe4 Bxc4 19. Rfc1 Qxd4 20. Qxd4 Bxd4
21. Nxc4 Bxa1 22. Rxa1 b5 23. Nd6 Re2 24. g3 h6 25. Rc1 f6 26. Rc8+ Rxc8 27. Nxc8 Rxa2 28. Ne7+ Kf7 29. Bc5 a5 30. Nc6 b4
31. Bxb4 axb4 32. Nxb4 Ra1+ 33. Kg2 Rb1 34. Nc6 g5 35. Nd8+ Kg6 36. Nc6 h5 37. Nd4 f5 38. Kf3 Rh1 39. Nc2 Rxh2 40. Ne3 g4+
41. Kf4 Rxf2+ 42. Ke5= Kg5 43. Nd1 Rf3 44. Ke6 Rxg3 45. Nc3 h4 46. Ne2 Re3+ 47. Kd5 Rxe2 48. Kd4 h3 49. Kd3 Re4
0-1

[Event "Remembering Ruy Lopez"]
[Site "SchemingMind.com"]
[Date "2008.02.21"]
[Round "-"]
[White "mmccaffe"]
[Black "cnbcad"]
[Result "0-1"]
[WhiteCountry "USA"]
[BlackCountry "USA"]
[WhiteElo "1630"]
[WhiteRD "50"]
[BlackElo "1635"]
[BlackRD "50"]
[GameID "142861"]

1. e4 e5 2. Nf3 Nc6 3. Bb5 a6 4. Ba4 Nf6 5. O-O b5 6. Bb3 Bb7 7. Re1 Bc5 8. c3 O-O 9. d4 exd4 10. e5 Ng4
11. cxd4 Bb6 12. h3 Nxf2 13. Kxf2 Nxd4 14. Nxd4 Qh4+ 15. Kf1 Bxd4 16. Be3 Bxe3 17. Rxe3 Qf4+
0-1

[Event "Remembering Ruy Lopez"]
[Site "SchemingMind.com"]
[Date "2008.02.21"]
[Round "-"]
[White "mmccaffe"]
[Black "pardesi"]
[Result "1-0"]
[WhiteCountry "USA"]
[BlackCountry "USA"]
[WhiteElo "1630"]
[WhiteRD "50"]
[BlackElo "1406"]
[BlackRD "59"]
[GameID "142862"]

1. e4 e5 2. Nf3 Nc6 3. Bb5 a6 4. Ba4 Nf6 5. O-O b5 6. Bb3 Bc5 7. c3 O-O 8. Re1 Ng4 9. d4 Bb6 10. h3 Nf6
11. dxe5 Nh5 12. g4
1-0

[Event "Remembering Ruy Lopez"]
[Site "SchemingMind.com"]
[Date "2008.02.22"]
[Round "-"]
[White "mmccaffe"]
[Black "iain"]
[Result "0-1"]
[WhiteCountry "USA"]
[BlackCountry "USA"]
[WhiteElo "1630"]
[WhiteRD "50"]
[BlackElo "1456"]
[BlackRD "65"]
[GameID "142863"]

1. e4 e5 2. Nf3 Nc6 3. Bb5 a6 4. Ba4 Nf6 5. O-O Be7 6. Re1 O-O 7. c3 b5 8. Bc2 Bb7 9. d4 exd4 10. e5 Nd5
11. cxd4 Bb4 12. Bd2 a5 13. a3 Bxd2 14. Nbxd2 Re8 15. Nb3 a4 16. Nc5 Rb8 17. Nxb7 Rxb7 18. Bxh7+ Kxh7
0-1

[Event "Remembering Ruy Lopez"]
[Site "SchemingMind.com"]
[Date "2008.02.24"]
[Round "-"]
[White "mmccaffe"]
[Black "jhobeck"]
[Result "1/2-1/2"]
[WhiteCountry "USA"]
[BlackCountry "USA"]
[WhiteElo "1630"]
[WhiteRD "50"]
[BlackElo "1281"]
[BlackRD "69"]
[GameID "142864"]

1. e4 e5 2. Nf3 Nc6 3. Bb5 a6 4. Ba4 Nf6 5. O-O b5 6. Bb3 Bc5 7. d3 Ng4 8. Nc3 O-O 9. a4 Qf6 10. axb5 Nb4
11. Nd5 Qg6 12. b6 c6 13. Ne3 Nf6 14. c3 d6 15. g3=
1/2-1/2

[Event "Remembering Ruy Lopez"]
[Site "SchemingMind.com"]
[Date "2008.02.21"]
[Round "-"]
[White "cnbcad"]
[Black "mmccaffe"]
[Result "1/2-1/2"]
[WhiteCountry "USA"]
[BlackCountry "USA"]
[WhiteElo "1635"]
[WhiteRD "50"]
[BlackElo "1630"]
[BlackRD "50"]
[GameID "142866"]

1. e4 e5 2. Nf3 Nc6 3. Bb5 a6 4. Ba4 Nf6 5. O-O Be7 6. Bxc6 dxc6 7. b3 Nxe4 8. Nxe5 Qd4 9. c3 Qxe5 10. Re1 Qf5
11. Qe2 O-O= 12. Qxe4 Qxe4 13. Rxe4 Bf6 14. Ba3 Rd8 15. d4 Bf5 16. Re1=
1/2-1/2

[Event "Remembering Ruy Lopez"]
[Site "SchemingMind.com"]
[Date "2008.02.24"]
[Round "-"]
[White "jhobeck"]
[Black "mmccaffe"]
[Result "0-1"]
[WhiteCountry "USA"]
[BlackCountry "USA"]
[WhiteElo "1271"]
[WhiteRD "75"]
[BlackElo "1661"]
[BlackRD "51"]
[GameID "142869"]

1. e4 e5 2. Nf3 Nc6 3. Bb5 a6 4. Ba4 Nf6 5. O-O Be7 6. Re1 b5 7. Bb3 O-O 8. c3 d6 9. h3 Be6 10. d4 Bxb3
11. Qxb3 Na5 12. Qc2 exd4 13. cxd4 c5 14. dxc5 dxc5 15. e5 Nd7 16. Nc3 Nc6 17. Ng5 Bxg5 18. Nd5 Bxc1 19. Qxc1 Nb6 20. Qxc5 Qxd5
21. Qxb6 Rfe8 22. Qe3 Rxe5 23. Qb6 Rae8 24. Rf1 Rg5 25. Rad1 Qxg2#
0-1

[Event "Remembering Ruy Lopez"]
[Site "SchemingMind.com"]
[Date "2008.02.21"]
[Round "-"]
[White "Bacon"]
[Black "mmccaffe"]
[Result "1/2-1/2"]
[WhiteCountry "BER"]
[BlackCountry "USA"]
[WhiteElo "1285"]
[WhiteRD "82"]
[BlackElo "1576"]
[BlackRD "52"]
[GameID "142870"]

1. e4 e5 2. Nf3 Nc6 3. Bb5 a6 4. Ba4 Nf6 5. d3 Be7 6. O-O b5 7. Bb3 d6 8. Ng5 O-O 9. Bxf7+ Rxf7 10. Nxf7 Kxf7
11. h3 Bb7 12. c3 Qd7=
1/2-1/2

[Event "Remembering Ruy Lopez"]
[Site "SchemingMind.com"]
[Date "2008.03.07"]
[Round "-"]
[White "Philip"]
[Black "cnbcad"]
[Result "0-1"]
[WhiteCountry "INT"]
[BlackCountry "USA"]
[WhiteElo "1593"]
[WhiteRD "88"]
[BlackElo "1556"]
[BlackRD "54"]
[GameID "145060"]

1. e4 e5 2. Nf3 Nc6 3. Bb5 a6 4. Ba4 b5 5. Bb3 h6 6. O-O Nf6 7. d4 d6 8. dxe5 dxe5 9. Bxf7+ Kxf7 10. Nxe5+ Kg8
11. Nxc6 Qxd1 12. Rxd1 Bb7 13. e5 Ng4 14. Rd8 Bxc6 15. Rxa8 Bxa8 16. f4 Bc5+ 17. Kh1 Nf2+ 18. Kg1 Nd3+ 19. Kf1 Nxc1 20. Nc3 Be3
21. Ne2 Nxe2 22. Kxe2 Bxf4 23. g3 Bxe5 24. c3 Kh7 25. Rd1 Re8
0-1

[Event "Remembering Ruy Lopez"]
[Site "SchemingMind.com"]
[Date "2008.03.06"]
[Round "-"]
[White "Philip"]
[Black "iain"]
[Result "1-0"]
[WhiteCountry "INT"]
[BlackCountry "USA"]
[WhiteElo "1605"]
[WhiteRD "68"]
[BlackElo "1456"]
[BlackRD "65"]
[GameID "145062"]

1. e4 e5 2. Nf3 Nc6 3. Bb5 a6 4. Ba4 Nf6 5. d3 Bb4+ 6. c3 Ba5 7. O-O O-O 8. Bb3 Bb6 9. Be3 Bxe3 10. fxe3 d6
11. Ng5 h6 12. Nxf7 Rxf7 13. Bxf7+ Kxf7 14. d4 exd4 15. exd4 Kg8 16. Qb3+ d5 17. exd5 Nxd5 18. Nd2 Na5 19. Qd1 b5 20. Qh5 Bb7
21. Qf7+ Kh8 22. Ne4 Nc6 23. Nc5 Ne3 24. Ne6 Qe7 25. Qxe7 Nxe7 26. Rf7 N7f5 27. Rxc7 Bxg2 28. Nf4 Bf3 29. Ng6+ Kh7 30. Ne5 Be4
31. Kf2 a5 32. Re1 Nd5 33. Rc5 Nf6 34. Rxb5 h5 35. Nd7 Bc6 36. Nxf6+ gxf6 37. Rxf5 Kg6 38. Rc5 Bd7 39. h4 f5 40. Rg1+ Kf6
41. Rg5 a4 42. Rxh5 Rb8 43. b4 axb3 44. axb3 Rxb3 45. Rh6+ Ke7 46. Re5+ Kd8 47. Rh8+ Kc7 48. Re3 Kd6 49. h5
1-0

[Event "Remembering Ruy Lopez"]
[Site "SchemingMind.com"]
[Date "2008.03.06"]
[Round "-"]
[White "Philip"]
[Black "jhobeck"]
[Result "1-0"]
[WhiteCountry "INT"]
[BlackCountry "USA"]
[WhiteElo "1605"]
[WhiteRD "68"]
[BlackElo "1281"]
[BlackRD "69"]
[GameID "145063"]

1. e4 e5 2. Nf3 Nc6 3. Bb5 a6 4. Ba4 Nf6 5. Nc3 b5 6. Bb3 Be7 7. Ng5 O-O 8. Nxf7 Qe8 9. Nd6+ Kh8 10. Nxe8 Nxe8
11. O-O Nd4 12. Nd5 Bh4 13. g3 Bg5 14. f4 Bf6 15. fxe5 Bxe5 16. Rxf8#
1-0

[Event "Remembering Ruy Lopez"]
[Site "SchemingMind.com"]
[Date "2008.03.06"]
[Round "-"]
[White "Philip"]
[Black "Bacon"]
[Result "1-0"]
[WhiteCountry "INT"]
[BlackCountry "BER"]
[WhiteElo "1605"]
[WhiteRD "68"]
[BlackElo "1284"]
[BlackRD "76"]
[GameID "145064"]

1. e4 e5 2. Nf3 Nc6 3. Bb5 a6 4. Ba4 b5 5. Bb3 a5 6. d3 a4 7. Bd5 Bc5 8. Nxe5 Qf6 9. Bxf7+ Kd8 10. Nxc6+ dxc6
11. O-O Qxf7 12. d4 Bb6 13. Bg5+ Ke8 14. c3 h6 15. Be3 Nf6 16. Nd2 Bg4 17. f3 Bh5 18. c4 Rd8 19. c5 Ba5 20. e5 Nd5
21. Bf2 b4 22. Nc4 Ra8 23. Nxa5 Rxa5 24. Re1 Qg6 25. Bg3 Rf8 26. a3 Qg5 27. axb4 Ne3 28. Qd2 Nc4 29. Qxg5 hxg5 30. bxa5 Nxa5
31. Rxa4 Nb3 32. Ra8+ Ke7 33. Rxf8 Kxf8 34. e6 Ke7 35. Bxc7 Nxd4 36. Bd6+ Ke8 37. Re4 Nf5 38. b4 g6 39. g4 Ng7 40. gxh5 gxh5
41. h4 Nf5 42. hxg5 h4 43. g6 h3 44. Bh2 Kf8 45. Bd6+ Nxd6 46. cxd6 h2+ 47. Kxh2 c5 48. e7+ Ke8 49. bxc5 Kd7 50. e8=Q#
1-0

[Event "Remembering Ruy Lopez"]
[Site "SchemingMind.com"]
[Date "2008.03.10"]
[Round "-"]
[White "Philip"]
[Black "mmccaffe"]
[Result "0-1"]
[WhiteCountry "INT"]
[BlackCountry "USA"]
[WhiteElo "1532"]
[WhiteRD "63"]
[BlackElo "1661"]
[BlackRD "51"]
[GameID "145065"]

1. e4 e5 2. Nf3 Nc6 3. Bb5 a6 4. Ba4 Nf6 5. d3 b5 6. Bb3 Be7 7. Be3 d6 8. Nc3 O-O 9. a3 Be6 10. Nd5 Na5
11. Nxe7+ Qxe7 12. Bxe6 fxe6 13. Qd2 Nc6 14. O-O-O a5 15. h3 b4 16. a4 d5 17. exd5 exd5 18. Bg5 h6 19. Bxh6 gxh6 20. Qxh6 Qg7
0-1

[Event "Remembering Ruy Lopez"]
[Site "SchemingMind.com"]
[Date "2008.03.06"]
[Round "-"]
[White "cnbcad"]
[Black "Philip"]
[Result "0-1"]
[WhiteCountry "USA"]
[BlackCountry "INT"]
[WhiteElo "1635"]
[WhiteRD "50"]
[BlackElo "1605"]
[BlackRD "68"]
[GameID "145066"]

1. e4 e5 2. Nf3 Nc6 3. Bb5 a6 4. Ba4 Bc5 5. c3 Nge7 6. b4 Ba7 7. Bb3 O-O 8. Ba3 b5 9. Ng5 d5 10. Qh5 h6
11. exd5 hxg5 12. dxc6 Bxf2+ 13. Kxf2 Ng6 14. Bc2 Qf6+ 15. Ke1 Bf5 16. Rf1 Nf4 17. Qf3 Bxc2 18. g3 Nd3+ 19. Ke2 Qd6 20. Bc1 Nxc1+
21. Rxc1 e4 22. Qg4 Bd3+ 23. Ke3 Qxc6 24. Rh1 Qg6 25. Na3 f5 26. Qh3 f4+ 27. gxf4 gxf4+ 28. Kf2 Qb6+ 29. Ke1 f3 30. Kd1 Be2+
31. Kc2 f2 32. Kb2 a5 33. Qg3 axb4 34. cxb4 Qd4+ 35. Qc3 Qxc3+ 36. dxc3 f1=Q 37. Raxf1 Bxf1 38. Nc2 Bc4 39. Re1 Rxa2+ 40. Kb1 Rf2
0-1

[Event "Remembering Ruy Lopez"]
[Site "SchemingMind.com"]
[Date "2008.03.05"]
[Round "-"]
[White "pardesi"]
[Black "Philip"]
[Result "0-1"]
[WhiteCountry "USA"]
[BlackCountry "INT"]
[WhiteElo "1406"]
[WhiteRD "59"]
[BlackElo "1605"]
[BlackRD "68"]
[GameID "145067"]

1. e4 e5 2. Nf3 Nc6 3. Bb5 a6 4. Ba4 Nge7 5. O-O Ng6 6. d3 Bc5 7. Nc3 O-O 8. Nd5 Nd4 9. Nxd4 exd4 10. c3 c6
0-1